logo

Introduction to food Engineering (Record no. 2031)

000 -LEADER
fixed length control field 00651nam a22002417a 4500
003 - CONTROL NUMBER IDENTIFIER
control field SLTCLib
008 - FIXED-LENGTH DATA ELEMENTS--GENERAL INFORMATION
fixed length control field 260610b ce ||||| |||| 00| 0 eng d
020 ## - INTERNATIONAL STANDARD BOOK NUMBER
International Standard Book Number 9780128231296
041 ## - LANGUAGE CODE
Language code of text/sound track or separate title English Language
080 ## - UNIVERSAL DECIMAL CLASSIFICATION NUMBER
Universal Decimal Classification number 664.02
Item number SIN
100 ## - MAIN ENTRY--PERSONAL NAME
Personal name Singh, R. Paul
9 (RLIN) 3590
245 ## - TITLE STATEMENT
Title Introduction to food Engineering
250 ## - EDITION STATEMENT
Edition statement 6th ed.
260 ## - PUBLICATION, DISTRIBUTION, ETC. (IMPRINT)
Place of publication, distribution, etc India
Name of publisher, distributor, etc Elsevier Inc.
Date of publication, distribution, etc 2025
300 ## - PHYSICAL DESCRIPTION
Extent 913p.
650 #0 - SUBJECT ADDED ENTRY--TOPICAL TERM
9 (RLIN) 3584
Topical term or geographic name as entry element Food engineering
650 #0 - SUBJECT ADDED ENTRY--TOPICAL TERM
9 (RLIN) 3585
Topical term or geographic name as entry element Food processing
650 #0 - SUBJECT ADDED ENTRY--TOPICAL TERM
9 (RLIN) 3586
Topical term or geographic name as entry element Food technology
650 #0 - SUBJECT ADDED ENTRY--TOPICAL TERM
9 (RLIN) 3587
Topical term or geographic name as entry element Food-processing machinery
700 ## - ADDED ENTRY--PERSONAL NAME
9 (RLIN) 3588
Personal name Heldman, Dennis R.
700 ## - ADDED ENTRY--PERSONAL NAME
9 (RLIN) 3589
Personal name Erdogdu, Ferruh
942 ## - ADDED ENTRY ELEMENTS (KOHA)
Source of classification or shelving scheme
Koha item type Reference Materials
945 ## - LOCAL PROCESSING INFORMATION (OCLC)
a 3725
b Ishara wickramage
c 3725
d Ishara wickramage
Holdings
Withdrawn status Lost status Source of classification or shelving scheme Damaged status Not for loan Permanent Location Current Location Shelving location Date acquired Source of acquisition Cost, normal purchase price Full call number Barcode Date last seen Price effective from Koha item type
          Library of SLTC Library of SLTC Reference Section 2026-06-10 Purchased 46404.00 664.02 SIN 003427 2026-06-10 2026-06-10 Reference Materials
          Library of SLTC Library of SLTC Reference Section 2026-06-10 Purchased 46404.00 664.02 SIN 003428 2026-06-10 2026-06-10 Reference Materials
Ghostwriter

All Rights Reserved, Library of SLTC
Sri Lanka Technological Campus, Ingiriya Road, Padukka, Sri Lanka - Telephone: +, Fax: + -
Email:library@sltc.edu.lk
Designed & Maintained by Nimal Hettiarachchi
Last Updated: 15-April -2018